000 00197nam a2200085Ia 4500
008 120527s9999 xx 000 0 und d
100 _aBenokraitis, V.
245 _aMarriage and families
942 _cBK
999 _c27791
_d27791